| 000 | 01155nam a22002537a 4500 | ||
|---|---|---|---|
| 003 | PE SENCICO BE | ||
| 005 | 20251020182640.0 | ||
| 008 | 230724b |||||||| |||| 00| 0 eng d | ||
| 040 |
_aPE SENCICO BE _cPE SENCICO BE |
||
| 084 |
_aI _aLAB _a2013 _bT83 |
||
| 100 | 1 |
_91260 _aTrujillo Ramos, Robert Fernando _eautor |
|
| 245 | 1 |
_aDiseño de mezclas asfálticas en caliente "método Marshall" / _cRobert Fernando Trujillo Ramos |
|
| 260 |
_aLima : _c2013 |
||
| 300 |
_a126 h. : _btabls., diagrs. ; _c29 cm. |
||
| 502 | _aMonografía de Titulación.-- Servicio Nacional de Capacitación para la Industria de la Construcción. Escuela Superior Técnica. Carrera Profesional Técnica en Laboratorio de Suelos, Concreto y Asfalto, 2013. | ||
| 504 | _aBibliografía: h. 125-126. | ||
| 650 | 1 | 4 |
_91255 _aMezclas asfálticas |
| 650 | 2 | 4 |
_91259 _aEnsayos de materiales |
| 650 | 2 | 0 |
_aAgregados (Materiales de construcción) _91257 |
| 650 | 2 | 4 |
_91256 _aTécnicas y procedimientos de laboratorio |
| 710 | 1 |
_aServicio Nacional de Capacitación para la Industria de la Construcción. _bEscuela Superior Técnica _91065 |
|
| 910 |
_bhfp _chfp |
||
| 942 |
_cMON _2ddc |
||
| 999 |
_c4259 _d4259 |
||